Sinopsis estadística i jeográfica de la República de Chile en 1900

Furkejuvvon:
Bibliográfalaš dieđut
Searvvušdahkki: Oficina Central de Estadísticas (Dahkki)
Materiálatiipa: Girji
Giella:espánnjágiella
Almmustuhtton: Santiago Universitaria 1901
Fáttát:
Fáddágilkorat: Lasit fáddágilkoriid
Eai fáddágilkorat, Lasit vuosttaš fáddágilkora!

MARC

LEADER 00000nam a2200000 a 4500
001 UCO4190
003 CL-VaPUC
008 000728e19010000CL |||||||||||||||||spa|d
082 0 4 |a 310.983  |b OFI  |2 21 
110 2 |a Oficina Central de Estadísticas  |e author  |9 448401 
245 1 0 |a Sinopsis estadística i jeográfica de la República de Chile en 1900 
300 |a 470 p 
942 |c BK 
945 |d 20000728 00:00:00  |a crobeson 
260 |a Santiago  |b Universitaria  |c 1901 
650 0 |a Estadísticas  |9 258644 
650 0 |a Demografía   |9 260008 
650 7 |a POBLACION 1900  |2 CL-VaPUC  |9 448402 
651 7 |a CHILE  |2 CL-VaPUC  |9 448403 
583 |a last modification  |c 20000728 00:00:00  |k Rodrigo Vera 
999 |c 290255  |d 290253 
952 |0 0  |1 0  |4 0  |6 310_983000000000000_OFI_1901  |7 0  |8 X  |9 339580  |a BIBHIS  |b BIBHIS  |d 2019-11-20  |i 1211684  |o 310.983 OFI 1901  |p 1211684  |r 2024-01-30  |w 2019-11-20  |y BK_X  |k HIS 
952 |0 0  |1 0  |4 0  |6 310_983000000000000_OFI_1901  |7 0  |8 X  |9 339581  |a BIBHIS  |b BIBHIS  |d 2019-11-20  |i 1211692  |o 310.983 OFI 1901  |p 1211692  |r 2024-01-30  |w 2019-11-20  |y BK_X  |k HIS